Pays du monde dans l'ordre décroissant. - Statistiques

Statistiques générales
  • Ce quiz a été pris 68 fois
  • Le résultat moyen est 82 sur 196
Statistiques - réponses
Indice Réponses % Correct
Afrique Zimbabwe
97%
Afrique Zambie
95%
~Asie Yémen
84%
Europe Vatican
76%
Amérique Venezuela
74%
Océanie Vanuatu
71%
~Asie Vietnam
71%
~Amérique Uruguay
68%
~Océanie Tuvalu
66%
Asie Turkménistan
63%
Asie Turquie
61%
Europe Ukraine
61%
Afrique Togo
58%
Océanie Tonga
58%
Amérique Trinité-et-Tobago
58%
Afrique Tunisie
58%
Afrique Tanzanie
55%
Afrique Tchad
55%
Europe Pologne
53%
Europe Roumanie
53%
~Afrique Rwanda
53%
Europe Serbie
53%
Afrique Somalie
53%
Afrique Soudan
53%
Afrique Soudan du sud
53%
Amérique Suriname
53%
Asie Tadjikistan
53%
Asie Taïwan
53%
Océanie Nauru
50%
Amérique Nicaragua
50%
~Océanie Nouvelle-Zélande
50%
~Asie Ouzbékistan
50%
~Asie Qatar
50%
Europe Royaume-Uni
50%
Amérique Sainte-Lucie
50%
Europe Saint-marin
50%
Europe Slovaquie
50%
Europe Slovénie
50%
Asie Sri Lanka
50%
~Asie Syrie
50%
Asie Thaïlande
50%
Asie Timor oriental
50%
Asie Afghanistan
47%
Asie Népal
47%
Asie Oman
47%
Afrique Ouganda
47%
Océanie Palaos
47%
Amérique Panama
47%
Océanie Papouasie-Nouvelle-Guinée
47%
Amérique Pérou
47%
~Europe Portugal
47%
Europe Russie
47%
Amérique Saint-Christophe-et-Niévès
47%
Océanie Samoa
47%
Afrique Sénégal
47%
Europe Suède
47%
Afrique Namibie
45%
Afrique Niger
45%
Afrique Nigeria
45%
Europe Norvège
45%
Asie Pakistan
45%
Amérique Paraguay
45%
Asie Philippines
45%
Afrique République démocratique du Congo
45%
Océanie Salomon
45%
Amérique Salvador
45%
Afrique Sao Tomé-et-Principe
45%
Afrique Seychelles
45%
Afrique Sierra Leone
45%
Europe Suisse
45%
Europe Albanie
42%
Europe Allemagne
42%
Afrique Angola
42%
Amérique Argentine
42%
Océanie Australie
42%
Afrique Guinée
42%
Afrique Guinée-Bissau
42%
Afrique Guinée Équatoriale
42%
Europe Kosovo
42%
Europe Moldavie
42%
Europe Monaco
42%
Afrique République centrafricaine
42%
Europe République tchèque
42%
Amérique Saint-Vincent et les Grenadines
42%
Asie Singapour
42%
Europe Autriche
39%
Amérique Bahamas
39%
Europe Danemark
39%
Océanie Fidji
39%
Europe Finlande
39%
Amérique Guatemala
39%
~Amérique Guyana
39%
Asie Inde
39%
Asie Indonésie
39%
Amérique Jamaïque
39%
~Asie Jordanie
39%
Asie Kirghizistan
39%
Océanie Kiribati
39%
~Asie Koweït
39%
Afrique Lesotho
39%
Europe Lettonie
39%
Europe Lituanie
39%
~Europe Luxembourg
39%
Europe Macédoine du nord
39%
Asie Malaisie
39%
Afrique Mali
39%
Europe Malte
39%
Afrique Maroc
39%
Afrique Mauritanie
39%
Océanie Micronésie
39%
Asie Mongolie
39%
Europe Monténégro
39%
~Afrique Mozambique
39%
Europe Pays-bas
39%
Amérique République dominicaine
39%
Afrique Algérie
37%
Europe Andorre
37%
Amérique Antigua-et-Barbuda
37%
Afrique Eswatini
37%
~Afrique Éthiopie
37%
~Europe France
37%
Afrique Gabon
37%
Asie Géorgie
37%
Europe Grèce
37%
Amérique Honduras
37%
~Europe Hongrie
37%
Asie Kazakhstan
37%
Afrique Kenya
37%
Afrique Liberia
37%
Afrique Libye
37%
Europe Liechtenstein
37%
Afrique Maurice
37%
Afrique Afrique du sud
34%
Asie Arménie
34%
Amérique Barbade
34%
Europe Belgique
34%
Amérique Belize
34%
Europe Biélorussie
34%
Amérique Bolivie
34%
Europe Bulgarie
34%
Asie Chine
34%
Afrique Djibouti
34%
Asie Émirats arabes unis
34%
Amérique Équateur
34%
Afrique Érythrée
34%
Europe Espagne
34%
Afrique Gambie
34%
Amérique Grenade
34%
Amérique Haïti
34%
Asie Irak
34%
Asie Iran
34%
Europe Irlande
34%
Europe Islande
34%
~Europe Italie
34%
Asie Japon
34%
Asie Laos
34%
Asie Liban
34%
Afrique Madagascar
34%
Asie Maldives
34%
Océanie Marshall
34%
Amérique Mexique
34%
~Asie Azerbaïdjan
32%
Asie Bahreïn
32%
Asie Bangladesh
32%
Afrique Bénin
32%
Asie Bhoutan
32%
Europe Bosnie-Herzégovine
32%
Afrique Botswana
32%
Amérique Brésil
32%
Afrique Burkina Faso
32%
~Afrique Burundi
32%
Asie Cambodge
32%
Amérique Canada
32%
Amérique Colombie
32%
Afrique Comores
32%
~Amérique Cuba
32%
~Amérique Dominique
32%
Europe Estonie
32%
Amérique États-Unis
32%
Afrique Ghana
32%
Afrique Malawi
32%
Afrique République du Congo
32%
Asie Brunei
29%
Afrique Cameroun
29%
Asie Corée du Nord
29%
Asie Corée du Sud
29%
Amérique Costa Rica
29%
Europe Croatie
29%
Afrique Égypte
29%
Asie Arabie Saoudite
26%
Afrique Cap-vert
26%
Asie Chypre
26%
Afrique Côte d’Ivoire
26%
Amérique Chili
24%
Asie Israël
24%
Asie Birmanie
21%
Aucun quiz correspondant
Distribution des résultats
% des personnes avec chaque résultat
Percentile par nombre de réponses
Votre historique - résultats
Vous n’avez pas pris ce quiz